00313nam a2200121Ia 4500008004100000020001500041040001200056082001400068100001800082245003200100260005100132300000800183200103s9999||||xx |||||||||||||| ||und|| a8123902514 aIMU-MPC aColumn-25 aIrodov, I. E. 0aProblems in general Physics bCBS Publishers & Distributors, New Delhic2000 a387